<?xml version="1.0" encoding="UTF-8"?><?xml-stylesheet type="text/xsl" href="static/style.xsl"?><OAI-PMH xmlns="http://www.openarchives.org/OAI/2.0/" xmlns:xsi="http://www.w3.org/2001/XMLSchema-instance" xsi:schemaLocation="http://www.openarchives.org/OAI/2.0/ http://www.openarchives.org/OAI/2.0/OAI-PMH.xsd"><responseDate>2026-04-17T19:01:50Z</responseDate><request verb="GetRecord" identifier="oai:www.recercat.cat:20.500.12328/5171" metadataPrefix="marc">https://recercat.cat/oai/request</request><GetRecord><record><header><identifier>oai:recercat.cat:20.500.12328/5171</identifier><datestamp>2026-01-14T23:31:41Z</datestamp><setSpec>com_2072_67741</setSpec><setSpec>col_2072_484352</setSpec></header><metadata><record xmlns="http://www.loc.gov/MARC21/slim" xmlns:dcterms="http://purl.org/dc/terms/" xmlns:xsi="http://www.w3.org/2001/XMLSchema-instance" xmlns:doc="http://www.lyncode.com/xoai" xsi:schemaLocation="http://www.loc.gov/MARC21/slim http://www.loc.gov/standards/marcxml/schema/MARC21slim.xsd">
   <leader>00925njm 22002777a 4500</leader>
   <datafield ind2=" " ind1=" " tag="042">
      <subfield code="a">dc</subfield>
   </datafield>
   <datafield ind2=" " ind1=" " tag="720">
      <subfield code="a">Tassev, Valentin</subfield>
      <subfield code="e">author</subfield>
   </datafield>
   <datafield ind2=" " ind1=" " tag="720">
      <subfield code="a">Carlet, Angélica</subfield>
      <subfield code="e">author</subfield>
   </datafield>
   <datafield ind2=" " ind1=" " tag="720">
      <subfield code="a">Pujol Valls, Maria</subfield>
      <subfield code="e">author</subfield>
   </datafield>
   <datafield ind2=" " ind1=" " tag="260">
      <subfield code="c">2025-11-03</subfield>
   </datafield>
   <datafield ind2=" " ind1=" " tag="520">
      <subfield code="a">This study explores the attitudes of 147 Thai undergraduate university students towards native English teachers (NETs) and non-native English teachers (NNETs) in various areas of English language instruction, namely: fluency, cultural knowledge, empathy, grammar, learning materials, classroom relationships, and motivation. Quantitative and qualitative data were gathered through an online questionnaire. Findings have shown that participants remained neutral in all areas of language instruction except for fluency and cultural knowledge, whereby they exhibited preferences in favor of NETs. Moreover, the results revealed that the participants mostly referred to teachers’ personal pedagogical skills and knowledge, attributing to the quality of their teaching performance, which justified the participants’ choices in favor of neutrality. These findings suggest that all teachers should be evaluated based on their personal pedagogical skills and knowledge rather than on their first language(s) backgrounds and/or nationality. Moreover, the findings suggest that both groups of teachers should be given opportunities to enhance their teaching expertise by redirecting their attention towards the diverging and multifaceted roles that a teacher plays.</subfield>
   </datafield>
   <datafield ind1="8" ind2=" " tag="024">
      <subfield code="a">Tassev, Valentin; Carlet, Angélica; Pujol Valls, Maria. Students’ Attitudes towards Native and Non-native English Teachers in the Thai EFL Tertiary Context. rEFLections. 2025, 32(3), páginas 1594-1610. Disponible en &lt;https://so05.tci-thaijo.org/index.php/reflections/article/view/285103>. Fecha de acceso: 13 ene. 2026. DOI: refl.v32i3.285103</subfield>
   </datafield>
   <datafield ind1="8" ind2=" " tag="024">
      <subfield code="a">2651-1479</subfield>
   </datafield>
   <datafield ind1="8" ind2=" " tag="024">
      <subfield code="a">http://hdl.handle.net/20.500.12328/5171</subfield>
   </datafield>
   <datafield tag="653" ind2=" " ind1=" ">
      <subfield code="a">Native English teachers</subfield>
   </datafield>
   <datafield tag="653" ind2=" " ind1=" ">
      <subfield code="a">Non-native English teachers</subfield>
   </datafield>
   <datafield tag="653" ind2=" " ind1=" ">
      <subfield code="a">Thai EFL tertiary context</subfield>
   </datafield>
   <datafield tag="653" ind2=" " ind1=" ">
      <subfield code="a">Profesores de Inglés nativos</subfield>
   </datafield>
   <datafield tag="653" ind2=" " ind1=" ">
      <subfield code="a">Profesores de Inglés no nativos</subfield>
   </datafield>
   <datafield tag="653" ind2=" " ind1=" ">
      <subfield code="a">Contexto terciario de la enseñanza del inglés como lengua extranjera en Tailandia</subfield>
   </datafield>
   <datafield tag="653" ind2=" " ind1=" ">
      <subfield code="a">Professors d'Inglés natius</subfield>
   </datafield>
   <datafield tag="653" ind2=" " ind1=" ">
      <subfield code="a">Professors d'Inglés no natius</subfield>
   </datafield>
   <datafield tag="653" ind2=" " ind1=" ">
      <subfield code="a">Context terciari de l'ensenyament de l'anglès com a llengua estrangera a Tailàndia</subfield>
   </datafield>
   <datafield ind2="0" ind1="0" tag="245">
      <subfield code="a">Students’ Attitudes towards Native and Non-native English Teachers in the Thai EFL Tertiary Context</subfield>
   </datafield>
</record></metadata></record></GetRecord></OAI-PMH>